| 000 | 00354nam a2200157Ia 4500 | ||
|---|---|---|---|
| 008 | 210210b1949 xxu||||| |||| 00| 0 eng d | ||
| 041 | _aeng | ||
| 082 | _a821/959 | ||
| 100 | _aSHAW (Bernard) | ||
| 245 | _aMajor Barbara | ||
| 260 |
_aUSA _bPenguin Books _c1949 |
||
| 650 | _aMajor | ||
| 650 | _aBarbara | ||
| 690 | _aEnglish Drama | ||
| 906 | _a012125 | ||
| 999 |
_c130876 _d130876 |
||